| 000 | 01596cam a2200337 4500 | ||
|---|---|---|---|
| 001 | ABS67737 | ||
| 008 | 040505n2004 000 0 eng u | ||
| 035 | _a(Sirsi) u126087 | ||
| 100 | _aNorwood, G. | ||
| 245 | _aLog on for more than the Standard issue | ||
| 260 | _c2004 | ||
| 490 |
_aEstates Gazette _v(0417) 24 April 2004, 118-119(2) |
||
| 520 | _aReports on Associated Newspapers' residential property website being launched in May 2004. "Homesandproperty.co.uk" will cash in on its link with Associated Newspapers, publishers of the "Evening Standard","Daily Mail"and "Mail on Sunday", gaining strength from their branding and similarities to their property supplements. It will be the first stand-alone property website linked to a national newspaper. The pricing structure for agents' advertising will differ markedly from that of other existing portals. It will launch with over 100 000 properties from across the country. Lists the other main property portals with number of properties advertised. | ||
| 590 | _aABS | ||
| 590 | _aABS | ||
| 650 | _aWEBSITES | ||
| 650 | _aPORTALS | ||
| 650 | _aPRIMELOCATION | ||
| 650 | _aPROPERTYFINDER | ||
| 650 | _aRESIDENTIAL MARKET | ||
| 650 | _aRIGHTMOVE | ||
| 650 | _aFISH4HOMES | ||
| 650 | _aASSERTA HOME | ||
| 650 | _aHOMESANDPROPERTY.CO.UK | ||
| 650 | _aADVERTISING | ||
| 650 | _aBRANDING | ||
| 690 | _aHOUSING-MARKET | ||
| 856 |
_uhttps://www.homesandproperty.co.uk _zView Homesandproperty.co.uk website... |
||
| 856 |
_uhttps://www.homesandproperty.co.uk _zView Homesandproperty.co.uk website... |
||
| 942 | _n0 | ||
| 999 |
_c117283 _d117283 |
||